000 00448nam a22001697a 4500
003 NUST - PNEC
005 20170116181039.0
008 150921b xxu||||| |||| 00| 0 eng d
020 _a013126453
040 _cLIBRARY
082 _a621.3822 BAL
100 _911537
_aBalmer, L. (Leslie)
245 _aSignals and systems : an introduction
_c(Leslie),Balmer
260 _cc 1991
650 _911538
_aSignal processing
_xMIS/ME
942 _2ddc
_cBK
999 _c68037
_d68037